000 00596nam a2200193Ia 4500
003 GCL
008 140319s9999 xx 000 0 ara d
040 _aGCL /
_cGCL
082 0 4 _a113
_bش ر
100 1 _aشادى فقيه
245 1 0 _aالرؤية الكونية من المادية الى العرفان /
_cشادى فقيه
250 _aالاولى
260 _aبيروت :
_bدار العلم ،
_c2002
300 _a227 ص ؛
_c20 سم
490 _aعالم الفلسفة والعرفان
_v9
650 0 4 _aالكون
650 0 4 _aالكونيات، علم
942 _2ddc
_cBK
999 _c5605
_d5605